| 000 | 00373nam a22001217a 4500 | ||
|---|---|---|---|
| 999 |
_c7867 _d7868 |
||
| 008 | 190418b ||||| |||| 00| 0 eng d | ||
| 082 | _a344.046 W13e 2018 | ||
| 100 | _aWaiba, Tashi Norbu | ||
| 245 |
_aPolicy Brief Environment friendly and Better farm roads ; _ban urgent necessity in Bhutan. |
||
| 260 |
_aThimphu ; _bBC-CAP Project. |
||
| 300 |
_a4 p. _c20 cm. |
||
| 942 | _2ddc | ||